|
|
|
|
| LEADER |
00000nam0a2200000 4500 |
| 001 |
292494 |
| 005 |
20231102000512.0 |
| 010 |
|
|
|a 9785160106083
|
| 035 |
|
|
|a (RuTPU)RU\TPU\book\317126
|
| 090 |
|
|
|a 292494
|
| 100 |
|
|
|a 20150423d2015 k y0rusy50 ca
|
| 101 |
0 |
|
|a rus
|
| 102 |
|
|
|a RU
|
| 105 |
|
|
|a a z 001zy
|
| 200 |
1 |
|
|a Стратегическое бизнес-планирование на промышленном предприятии с применением динамических моделей и сценарного анализа
|e монография
|f Б. П. Воловиков
|
| 210 |
|
|
|a Москва
|c Инфра-М
|d 2015
|
| 215 |
|
|
|a 222 с.
|c ил.
|
| 225 |
1 |
|
|a Научная мысль
|
| 225 |
1 |
|
|a Маркетинг
|
| 320 |
|
|
|a Библиогр.: с. 205-221.
|
| 330 |
|
|
|a В монографии представлены методики формирования маркетинговой, производственной и инновационной стратегий промышленного предприятия. Предлагаемые инструменты разработаны с применением современных информационных технологий и позволяют учесть влияние динамических процессов, происходящих во внешней среде, при разработке стратегии развития предприятия. Все методики выполнены с использованием разработанных и представленных в монографии бизнес-моделей реальных технических проектов. На основании результатов апробации предлагаемых методик были предложены конкретные рекомендации, использованные при создании систем поддержки принятия решений для управления производственными системами и маркетинговой деятельностью промышленного предприятия. Представленный материал имеет практическое значение и может быть полезен специалистам по производственной аналитике и управлению маркетинговой и инновационной деятельностью предприятия.
|
| 606 |
1 |
|
|a Предприятия
|x Планирование
|2 stltpush
|3 (RuTPU)RU\TPU\subj\36683
|9 57976
|
| 610 |
1 |
|
|a стратегическое планирование
|
| 610 |
1 |
|
|a бизнес-планирование
|
| 610 |
1 |
|
|a динамические модели
|
| 610 |
1 |
|
|a сценарный анализ
|
| 610 |
1 |
|
|a применение
|
| 610 |
1 |
|
|a производственные предприятия
|
| 610 |
1 |
|
|a монографии
|
| 686 |
|
|
|a У9(2)29-23
|v LBC/SL-A
|2 rubbk
|
| 700 |
|
1 |
|a Воловиков
|b Б. П.
|g Борис Петрович
|
| 801 |
|
1 |
|a RU
|b 63413507
|c 20150423
|
| 801 |
|
2 |
|a RU
|b 63413507
|c 20150902
|g RCR
|
| 900 |
|
|
|a Бизнес-планирование
|
| 942 |
|
|
|c BK
|
| 959 |
|
|
|a 42/20150415
|d 1
|e 379,90
|f ЧЗГЛ:1
|